| 000 | 01258nam a22002417a 4500 | ||
|---|---|---|---|
| 999 |
_c113976 _d113976 |
||
| 005 | 20201223123112.0 | ||
| 010 | _aB-202098 B-202129 | ||
| 020 |
_c200.00 _a8188099740 |
||
| 035 | _aB-202098, B-202102 B-202129, B-202124, B-202143 | ||
| 037 | _bCen Lib/Ret | ||
| 082 |
_aक _bएकसो |
||
| 245 |
_a151 बोध कथाएं : _cसंकलन एवं संपादन गंगा प्रसाद शर्मा _bमनोरंजन, शिक्षाप्रद और सुरुचुपूर्ण संकलन / |
||
| 246 |
_a151 bodh kathayen: manoranjan shisshprad or sooruchpoornr sankalan / _bby sankalan evam sampadan Ganga Prasad Sharma |
||
| 260 |
_bअनु प्रकाशन _aजयपुर _c2006 |
||
| 270 |
_bजयपुर _a958, धामाणी मार्किट की गली चौड़ा रास्ता |
||
| 300 |
_a160पृ. _c20सेमी(सजिल्द ) |
||
| 650 |
_a हिंदी साहित्य _x _z |
||
| 650 | _a हिंदी कहानियां | ||
| 650 | _aHindi literature | ||
| 650 | _aHindi stories | ||
| 700 |
_aशर्मा, गंगा प्रसाद _958587 |
||
| 942 |
_2ddc _cHN _hक _mएकसो |
||